000 01276nam a2200301 u 4500
001 000002931
003 DO-SdBNP
005 20230503132652.0
008 090703s1988 dr ab r 000 0 spa d
040 _aDO-SdBNP
_bspa
_cBPMSU
082 4 _a972. 9307294
_bP349h 1988
_222
100 1 _aPeña Batlle, Manuel Arturo,
_d1902-1952
245 1 0 _aHistoria de la cuestión fronteriza dominico-haitiana /
_cManuel Arturo Peña Batlle ; edición al cuidado de José Chez Checo
250 _a2a ed. fascím.
260 _aSanto Domingo :
_bSociedad Dominicana de Bibliófilos,
_c1988.
_e
300 _av. :
_bils., mapas ;
_c23 cm.
490 0 _aSociedad Dominicana de Bibliófilos.
_aCultura dominicana
_v65
500 _aIncluye ìndice
504 _aIncluye referencias bibliográficas y notas al pie de las páginas.
533 _aFacsímil:
_bCiudad Trujillo, República Dominicana :
_cCasa editora Luis Sánchez Andujar,
_d1946
590 _aInventariado, 2023/VM
651 4 _aRepública Dominicana
_xLímites e incidentes fronterizos
_2
651 4 _aHaití
_xLímites e incidentes fronterizos
651 4 _aRepública Dominicana
_xHistoria
_x
_z
700 _aChez Checo, José,
_d1949-
_eed.
910 _a VMateo V. Control de calidad (BPMSU)
942 _2ddc
_cBK
999 _c14388
_d14388